| 000 | 00435 a2200133 4500 | ||
|---|---|---|---|
| 003 | OSt | ||
| 005 | 20260206150411.0 | ||
| 008 | 260206b |||||||| |||| 00| 0 eng d | ||
| 100 |
_aभागवत एम _9216664 |
||
| 245 | _aसामाजिक समता आणि संघ | ||
| 260 |
_bभारतीय विचार साधना प्रकाशन _c2016 _aपुणे |
||
| 300 | _a24pp. | ||
| 942 |
_cBK _2ddc |
||
| 999 |
_c370168 _d370168 |
||